000 00542nam a2200193Ia 4500
003 GCL
008 140319s9999 xx 000 0 eng d
020 _a0312162545
040 _aGCL /
_cGCL
082 0 4 _a956.05
_bP H
100 1 _aPIPES, DANIEL
245 1 0 _aTHE HIDDEN LAND :
_bMIDDLE EAST FEARS OF CONSPIRACY /
_cPIPES, DANIEL
260 _a[S.N] :
_bST. MARTINS PRESS ،
_c1996
300 _a17 CM ؛
_c404 P
650 0 4 _aMIDDLE EAST - POLITICS
650 0 4 _aMIDDLE EAST
650 0 4 _aCONSPIRACIES - MIDDLE EAST
942 _2ddc
_cBK
999 _c4835
_d4835